Μυστικά και παραμύθια από την ιστορία της Μακεδονίας

Αποθηκεύτηκε σε:
Λεπτομέρειες βιβλιογραφικής εγγραφής
Κύριος συγγραφέας: Καράβας, Σπύρος, 1954-
Μορφή: Βιβλίο
Γλώσσα:Greek
Δημοσίευση: Αθήνα : Βιβλιόραμα, 2014.
Θέματα:
Ετικέτες: Προσθήκη ετικέτας
Δεν υπάρχουν, Καταχωρήστε ετικέτα πρώτοι!

MARC

LEADER 00000cam a2200000 i 4500
001 1/53190
008 140812s2014####gr | ||| |||| ||gre||
020 |a 9789609548182 
035 |l 10118637  
040 |a GR-MY-UA  |b gre  |e aacr 
041 0 |a gre 
082 7 |a 938.94   |2 (23)  
100 1 |a Καράβας, Σπύρος,   |d 1954- 
245 1 0 |a Μυστικά και παραμύθια από την ιστορία της Μακεδονίας /   |c Σπύρος Καράβας.  
260 |a Αθήνα :   |b Βιβλιόραμα,   |c 2014.  
300 |a 490 σ. ;   |c 21 εκ.  
500 |a Περιλαμβάνει βιβλιογραφικές πηγές, αναφορές και ευρετήριο.  
650 0 0 |a Macedonian question  |x History  |x Sources. 
852 |a INST  |b LESVOS  |e 20140812  |h 938.94 ΚΑΡ  |p 005100054863  |q 005100054863  |t BK  |y 0 
852 |a INST  |b LESVOS  |c EUDOXUS  |e 20150114  |h 938.94 ΚΑΡ  |p 005100056339  |q 005100056339  |t EDX  |y 0 
852 |a INST  |b LESVOS  |c EUDOXUS  |e 20150604  |h 938.94 ΚΑΡ  |p 005100056887  |q 005100056887  |t EDX  |y 0 
852 |a INST  |b LESVOS  |c EUDOXUS  |e 20161130  |h 938.94 ΚΑΡ  |p 005100058228  |q 005100058228  |t EDX  |y 0 
852 |a INST  |b RHODES  |e 20220517  |h 938.94 ΚΑΡ  |p 005400042811  |q 005400042811  |t BK  |y 0 
901 |a BIBL1-2014-2 
901 |a BIBL1-2015-1 
909 |a Λ  |b 190117 
909 |a Λ  |b 191436 
920 |a Εύδοξος  |b Παραγγελία  |y Λέσβος-ΤΚΑΙ  |z 2014-11 
920 |a Εύδοξος  |b Παραγγελία  |y Λέσβος-ΤΚΑΙ  |z 2015-04 
920 |a Εύδοξος  |b Επιστροφή  |y Λέσβος  |z 2016-11 
922 |a 1ΕΛΗ  |b 201406  |c ΒΙΒΛΙΟΘΗΚΗ  |d ΙΩΑΝΝΙΔΟΥ 
970 |a ΤΖΑΦΕΡΗ  |b ΕΥΑΓΓΕΛΙΑ  |z 2014/08/13